Management Decisions Leading to Ownership Transactions

Enregistré dans:
Détails bibliographiques
Auteur principal: Ondrušová, Lucia, 1981-
Format: Chapitre de livre
Langue:anglais
Sujets:
Tags: Ajouter un tag
Pas de tags, Soyez le premier à ajouter un tag!

MARC

LEADER 00000naa$a2200000$$$4500
001 0144521
005 20240502083334.1
041 0 |a eng 
044 |a RS 
245 1 0 |a Management Decisions Leading to Ownership Transactions  |c Lucia Ondrušová 
500 |a Abstrakt 
610 2 0 |a závierka účtovná 
610 2 0 |a informácie 
610 2 0 |a rozhodovanie 
610 2 0 |a rozhodovanie manažérske 
100 1 |a Ondrušová, Lucia, 1981-